000 00608nam a2200217Ia 4500
008 160303s9999 xx 000 0 und d
020 _a971-23-3335-3
050 _aFIL HM 571
050 _b.J38 2002
100 _aJavier, Jessie D.
245 _aIntroductory sociology and anthropology :
245 _ba pedagogy /
245 _cJessie D. Javier, Rodrigo D. Costales, Dionesio C. Rivas.
260 _aManila :
260 _bRex Book Store, Inc.,
260 _c2002
300 _a491 pages :
300 _billustrations ;
300 _c23 cm.
500 _aIncludes bibliographical references.
999 _c291231
_d291231